zpět

Detail výsledku týmu

Skautská, Ostrava

Datum a čas kvízu

24 Celkem bodů Celkový počet nahraných bodů na tomto kvízu bez doplňovacích otázek.
15. Pořadí na kvízu Konečné umístění týmu na tomto kvízu.

Zaznamenané odpovědi

# Otázka Odpověď Body Výsledky
1. Který politik obdržel minulý t... Tomio Okamura 0
2. Americká influencerka Gwyneth... Robertem Ficem 1
3. Minulý týden jsme se dozvěděli... Yungblud 1
4. V pátek byla oznámena fúze dvo... Paramount (Skydance), Warner Bros. (Discovery) 0
5. Jak se jmenuje fotbalista, kte... Vladimír Darida 0
6. Název „Pyrenejský poloostrov“... Iberský poloostrov 0
7. Vyberte správné tvrzení týkají... B 1
8. Níže na mapě vidíte jisté auto... Katalánsko, Barcelona 0
9. Jak se jmenuje portugalský mys... C 1
10. Poslední otázka se týká města... Porto 0